Catálogo público

La organización, por dentro : por qué las personas y las organizaciones se comportan como lo hacen / Charles Handy ; ilustrador Gray Jolliffe (Record no. 209567)

MARC details
000 -CABECERA
campo de control de longitud fija 01042nam a2200313Ia 4500
001 - NÚMERO DE CONTROL
campo de control dia_4995
003 - IDENTIFICADOR DEL NÚMERO DE CONTROL
campo de control CHAP
005 - FECHA Y HORA DE LA ÚLTIMA TRANSACCIÓN
campo de control 20251021150734.0
008 - DATOS DE LONGITUD FIJA--INFORMACIÓN GENERAL
campo de control de longitud fija 220601s9999 xx 000 0 und d
020 ## - NÚMERO INTERNACIONAL ESTÁNDAR DEL LIBRO
Número Internacional Estándar del Libro 84-234-2381-6
040 ## - FUENTE DE LA CATALOGACIÓN
Centro/agencia transcriptor CHAP
082 ## - NÚMERO DE LA CLASIFICACIÓN DECIMAL DEWEY
Número de clasificación 658.1 H36 2006
100 ## - ENTRADA PRINCIPAL--NOMBRE DE PERSONA
Nombre de persona Handy, Charles B.
9 (RLIN) 176189
245 ## - MENCIÓN DE TÍTULO
Título La organización, por dentro : por qué las personas y las organizaciones se comportan como lo hacen / Charles Handy ; ilustrador Gray Jolliffe
260 ## - PUBLICACIÓN, DISTRIBUCIÓN, ETC.
Lugar de publicación, distribución, etc. España : Deusto
300 ## - DESCRIPCIÓN FÍSICA
Extensión 238 p.
440 ## - MENCIÓN DE SERIE/PUNTO DE ACCESO ADICIONAL--TÍTULO
Título Líderes del management
9 (RLIN) 157240
500 ## - NOTA GENERAL
Nota general Título original: Inside organizations. 21 ideas for managers
503 ## - NOTA DE HISTORIA BIBLIOGRÁFICA (BK CF MU) [OBSOLETO]
Nota de historia bibliográfica I. 253778 \ I. 253779
590 ## - NOTA LOCAL (RLIN)
Nota local HD31 H36 2006
650 ## - PUNTO DE ACCESO ADICIONAL DE MATERIA--TÉRMINO DE MATERIA
Término de materia o nombre geográfico como elemento de entrada 1. Administración
9 (RLIN) 146957
650 ## - PUNTO DE ACCESO ADICIONAL DE MATERIA--TÉRMINO DE MATERIA
Término de materia o nombre geográfico como elemento de entrada Comportamiento organizacional
9 (RLIN) 157271
650 ## - PUNTO DE ACCESO ADICIONAL DE MATERIA--TÉRMINO DE MATERIA
Término de materia o nombre geográfico como elemento de entrada Management
9 (RLIN) 149975
700 ## - PUNTO DE ACCESO ADICIONAL--NOMBRE DE PERSONA
Nombre de persona Jolliffe, Gray, il.Ì
9 (RLIN) 176191
901 ## - ELEMENTOS DE DATOS A LOCAL LDA (RLIN)
a 658.1 H36 2006
902 ## - ELEMENTOS DE DATOS B LOCAL, LDB (RLIN)
a A
905 ## - ELEMENTOS DE DATOS E LOCAL, LDE (RLIN)
a 5222272006 sp a 8222223322spa16
942 ## - ELEMENTOS DE PUNTO DE ACCESO ADICIONAL (KOHA)
Tipo de ítem Koha Libro
Fuente del sistema de clasificación o colocación Dewey Decimal Classification
Holdings
Estado de retiro Estado de pérdida Fuente del sistema de clasificación o colocación Estado dañado No para préstamo Código de colección Localización permanente Ubicación/localización actual Ubicación en estantería Fecha de adquisición Total de préstamos Código de barras Fecha visto por última vez Número de copia Precio válido a partir de Tipo de ítem Koha
    Dewey Decimal Classification     General Ingenieria Agroindustrial Ingenieria Agroindustrial   01/06/2022   dia_006946 01/06/2022 2 01/06/2022 Libro
    Dewey Decimal Classification     General Ingenieria Agroindustrial Ingenieria Agroindustrial   01/06/2022   dia_006945 01/06/2022 1 01/06/2022 Libro